Guide to MARC 21 for cataloguing of books and serials (Record no. 176258)
[ view plain ]
| 000 -LEADER | |
|---|---|
| fixed length control field | 00402nam a2200145Ia 4500 |
| 008 - FIXED-LENGTH DATA ELEMENTS--GENERAL INFORMATION | |
| fixed length control field | 220217s9999||||xx |||||||||||||| ||und|| |
| 020 ## - INTERNATIONAL STANDARD BOOK NUMBER | |
| International Standard Book Number | 81-3090-407-1 |
| 082 ## - DEWEY DECIMAL CLASSIFICATION NUMBER | |
| Classification number | 025 MUK |
| 100 ## - MAIN ENTRY--PERSONAL NAME | |
| Personal name | Mukhopadhyay, Asoknath |
| 9 (RLIN) | 5344 |
| 245 #0 - TITLE STATEMENT | |
| Title | Guide to MARC 21 for cataloguing of books and serials |
| 250 ## - EDITION STATEMENT | |
| Edition statement | 21st |
| 260 ## - PUBLICATION, DISTRIBUTION, ETC. | |
| Place of publication, distribution, etc. | Viva Books |
| Name of publisher, distributor, etc. | New Delhi |
| Date of publication, distribution, etc. | 2007 |
| 300 ## - PHYSICAL DESCRIPTION | |
| Other physical details | 898 |
| 650 ## - SUBJECT ADDED ENTRY--TOPICAL TERM | |
| Topical term or geographic name entry element | GENERAL BOOKS |
| Withdrawn status | Lost status | Damaged status | Not for loan | Collection code | Home library | Current library | Shelving location | Date acquired | Full call number | Barcode | Date last seen | Price effective from | Koha item type |
|---|---|---|---|---|---|---|---|---|---|---|---|---|---|
| Computer Science and Engineering | Central Library | Central Library | Reference | 02/18/2022 | 025 MUK | 11447 | 10/15/2022 | 02/18/2022 | Books |